Darbaar-E-yazeed (Record no. 14593)

MARC details
000 -LEADER
fixed length control field 00556nam a2200229 a 4500
020 ## - INTERNATIONAL STANDARD BOOK NUMBER
ISBN
082 00 - DEWEY DECIMAL CLASSIFICATION NUMBER
Classification number 297.82
Author Cutter MOO1
100 ## - MAIN ENTRY--AUTHOR NAME
Author name Moosvi, Syed Faizul Hasan
245 ## - TITLE STATEMENT
Title Darbaar-E-yazeed
260 ## - PUBLICATION, DISTRIBUTION, ETC. (IMPRINT)
Place of publication Lucknow
Name of publisher Nizami Press
Year of publication 2008
300 ## - PHYSICAL DESCRIPTION
Number of Pages 163p
500 ## - GENERAL NOTE
General note includes index and biblioraphy
650 ## - SUBJECT ADDED ENTRY--TOPICAL TERM
Topical Term Shiah-History
942 ## - ADDED ENTRY ELEMENTS (KOHA)
Koha item type Books
700 1# -
-- Moosvi, Syed Faizul Hasan
Holdings
Collection code Home library Current library Date acquired Cost, normal purchase price Full call number Accession Number Koha item type
  Henry Martyn Institute Library Henry Martyn Institute Library 09/23/2008 60.00 297.82 MOO1 022540 Books
                   Copyright © 2026 | Henry Martyn Institute | Hyderabad | TS-500052 | INDIA | Implemented by hmi.edu.in
Hit-Count:

Powered by Koha